| 000 | 00617nam a2200193Ia 4500 | ||
|---|---|---|---|
| 003 | IN-BaIIA | ||
| 008 | 211028s9999 xx 000 0 eng d | ||
| 040 | _cIIA Library | ||
| 080 |
_a53.08 _bKOH |
||
| 100 |
_aKohlrausch, F. _92381 |
||
| 245 | 3 |
_aAn introduction to physical measurements _bwith appendices on absolute electrical measurement _cF Kohlrausch |
|
| 260 |
_aLondon _bJ & A Churchill _c1873 |
||
| 300 | _axii, 249p. | ||
| 650 | _aArchives | ||
| 650 |
_aElectrical measurements _92382 |
||
| 650 |
_aMeasurements _92383 |
||
| 650 | _aNASA thesaurus | ||
| 942 | _cBK | ||
| 999 |
_c1132 _d1132 |
||